000 00560nam a2200205Ia 4500
005 20250508150843.0
008 008 250505s9999 xx 000 0 eng d
037 _aTextual
040 _aFEDL
_beng
_cFEDL
041 _aeng
_2eng
084 _a150, PRO
_qFEDL
100 _aPronko N H etal...
_9757822
245 0 _aEmpirical foundations of psychology
260 _aNew York, USA
_bRinehart and Company
_c1951
300 _axvi,464p.
365 _aINR
_b23
650 _aPsychology
942 _cTEXL
_h150, PRO
999 _c1326114
_d1326114